| 000 | 00735nam a22001577a 4500 | ||
|---|---|---|---|
| 999 |
_c62930 _d62930 |
||
| 005 | 20250324165316.0 | ||
| 008 | 250324s2016 ge ||||| |||| 00| 0 eng d | ||
| 041 | _aeng | ||
| 080 | _a629.114.2 M-20 | ||
| 100 |
_aMakharoblidze, Revaz _924663 |
||
| 245 |
_aActual issues of theory of wheels rolling of tractor: _b Actual issues of theory of wheels rolling with taking into account the relief and rheological properties of soil / _cRevaz Makharoblidze. |
||
| 264 |
_aSaarbrucken : _b LAP LAMBERT Academic Publishing, _c2016. |
||
| 300 |
_a144 p. : _bill.; _c23 cm. |
||
| 653 | _aბორბლების გორვის თეორიის აქტუალური საკითხები | ||
| 942 |
_2udc _cᲬᲘᲒᲜᲘ |
||